The Modern book of babies' names : the most up to date book you can buy

Bibliographic Details
Main Author: Hilary, Spence
Format: Book
Published: London : W.Foulsham & Co. , 1988
Subjects:

MARC

LEADER 00000cam a2200000 7i4500
001 0000001772
002 000001929
005 20080410.0
020 |a 0572011741 
090 0 0 |a 929.4   |b MOD 
100 1 |a Hilary, Spence 
245 1 4 |a The Modern book of babies' names :   |b the most up to date book you can buy   |c Hilary Spence 
260 |a London :   |b W.Foulsham & Co. ,   |c 1988 
300 |a 182p. ;   |c 18cm. 
650 0 0 |a Names, Personal 
999 |a 033785   |b BUKU   |c PINJAMAN   |e PERPUSTAKAAN KOMUNITI PETALING JAYA 
999 |a 033786   |b BUKU   |c PINJAMAN   |e PERPUSTAKAAN KOMUNITI PETALING JAYA